000 00275nam a2200109Ia 4500
008 200302s9999 xx 000 0 und d
100 _aJoseph Rosa
245 _aLouis I. Kahn 1901 - 1974 Enlightened space
260 _bTaschen Gmbh Publishing
260 _c2016
300 _a96
999 _c6248
_d6248